00651nam a2200145Ia 4500008004100000050002400041100002600065245013300091260008600224300004000310521002200350942000700372999001900379952010700398140724s9999 xx 000 0 und d aLC 3965b.G643 2012 aGonzales, Patricia L. aNon-special Education elementary teachers handling special education students in the mainstream setting /cPatricia L. Gonzales. aLas Piñas, Philippines :bSouthville International School and Colleges,cc2012. a71 p. :b(some col.) ill. ;c28 cm. aSpecial Education cTH c228651d228651 001040aCLbCLcTHESESd2014-07-24l0oLC 3965 .G643 2012pT0005r2018-05-15 00:00:00w2014-07-24yTH